000 01033nam a2200229 i 4500
001 46614
003 ES-MaACL
005 20250829133326.0
007 t|
008 030331s1963 sp ||||1| spa d
111 2 _aCongreso de Instituciones Hispánicas (
_n1º.
_d1963.
_cMadrid)
_9311
245 1 0 _aCongreso de Instituciones Hispánicas :
_b[celebrado en Madrid, del 5 al 15 de junio de 1963, en el Instituto de Cultura Hispánica].
260 _aMadrid :
_bCultura Hispánica,
_c1963.
300 _a312 p. ;
_c27 cm.
505 8 _aContiene: Asamblea de Dirigentes de Institutos de Cultura Hispánica ; Asamblea de Filología ; Asamblea de Economía ; Mesa Redonda de Sociología Ibero-Americana de Madrid
650 7 _aHispanidad
_2embne
_9139321
650 4 _aLengua española-
_vCongresos y asambleas.
_9172650
651 4 _aAmérica Latina-
_xCivilización-
_vCongresos y asambleas.
_9139273
710 2 _aInstituto de Cultura Hispánica (España)
_94854
852 _aES-MaACL
_jC-25921
999 _c46614
_d46614